000 00909cam a2200277 4500
001 sa 68019514
003 DLC
005 20260227112718.0
008 720211s1966 ii c 100 0 eng
010 _asa 68019514
025 _aPL480:I-E-7778
040 _aDLC
_cDLC
_dDLC
043 _aa-ii---
050 0 0 _aML37.I5
_bH55
082 0 0 _a781.7/54
111 2 _aHindustani Music Seminar,
_cHyderabad, India,
_d1962.
245 1 0 _aSouvenir on Hindustani music Festival and Seminar, 1962.
260 _a[Hyderabad,
_c1966]
300 _a71 p.
_bports.
_c24 cm.
350 _aRs3.00
490 1 _aA.P.S.N. Akademi. Publication no. 7
500 _aSeminar organized by Andhra Pradesh Sangeeta Nataka Akademi.
650 0 _aHindustani music
_vCongresses.
710 2 _aAndhra Pradesh Sangeeta Nataka Akademi.
810 2 _aAndhra Pradesh Sangeeta Nataka Akademi.
_tA.P.S.N. Akademi publication,
_vno. 7.
999 _c88937
_d88937